000 00538nam a2200193Ia 4500
003 OSt
005 20240527142701.0
008 210210b1996 xxu||||| |||| 00| 0 eng d
040 _cAL
041 _aKonkani
082 _a891.463 MANA
100 _aMANU BAHARAIN
_dಮನು ಬಹ್ರೇನ್
_9167941
245 _aAranyantlo talo.
_b ಅರಣ್ಯಾ೦ತ್ಲೊ ತಾಳೊ
260 _aManglur.
_bManroj Prakashan.,
_c1996
300 _a536
690 _aKonkani Fiction
_9167942
906 _a058067
942 _2ddc
_cBK
999 _c105395
_d105395